Countries that hate Pakistan - Statistics

General Stats
  • This quiz has been taken 190 times
  • The average score is 5 of 8
Answer Stats
Answer % Correct
India
99%
United States of America
87%
United Kingdom
73%
Afghanistan
68%
France
63%
Bangladesh
54%
Israel
53%
Greece
33%
No matching quizzes found
Score Distribution
Percent of People with Each Score
Percentile by Number Answered
Your Score History
You have not taken this quiz